000 01275nam a2200325 i 4500
003 EG-GICUC
005 20260205044311.0
008 260109s2007 ua |||fr|||| 00| 0 ara d
017 _a7159/2006
020 _a9773282563
040 _a EG-GICUC
_bara
_c EG-GICUC
_d EG-GICUC
_erda
041 0 _aAra
082 0 4 _221
_a343.11223
_bأ ح . ح
092 0 4 _221
099 _aLaw1 10 343.11223 أ ح . ح 2007
100 0 _aأحمد حسنى أحمد طه
_eمؤلف.
245 1 0 _aحماية الشعور الشخصى للمحكوم عليه فى مرحلة تنفيذ العقوبة فى الفقه الإسلامى والقانون الجنائى الوضعى/
_cتأليف دكتور أحمد حسنى أحمد طه.
264 1 _aالإسكندرية :
_bدار الجامعة الجديدة،
_c2007
300 _a146 صفحة؛
_c24 سم.
336 _2rda content
_atext
337 _2rda media
_aComputer
338 _2rda carrier
_aOnline Resource
546 _aالنص باللغة العربية
650 1 _aالحماية الجنائية للأحداث
_2qrmak
650 1 _aالقانون الجنائى
_2qrmak
651 1 _2qrmak
856 4 0 _uhttps://fll.law.cu.edu.eg/fulltext/bks/B10-07407.pdf
905 _a54
942 _2ddc
_cBK
_e21
_n0
999 _c55688
_d55688